000 00534nam a22001937a 4500
005 20251108164913.0
008 250721s2000 xx 000 0 ara d
082 1 4 _a331.8809565/قيم
100 1 _aالقيمري، محمد سليمان
245 1 0 _aدليل النقابي /
264 1 _aعمان :
_c2000.
300 _a182ص
490 0 _aسلسلة المكتبة العمالية
_v6
650 1 7 _aالنقابات
650 1 7 _aقانون العمل
650 1 7 _aالأردن
942 _2ddc
_cBK
999 _c17087
_d17087